Přineslo zásadní změny Valné shromáždění Českého spolku na Slovensku

Bibliographic Details
Main Author: Doležal, Pavel (Author)
Format: Article
Language:Czech
Slovak
Subjects:

MARC

LEADER 00000nab a2200000 a 4500
001 vtls008184557
003 SK-MaSNL
005 20260305005444.0
008 050715 2005 xo mr er 000 0 cze
015 |a SNBRB2005 
040 |a VKJB  |b slo  |c VKJB  |e AACR2 
041 0 |a slo 
044 |a xo  |c SK 
080 |a 061.25  |x (437.6)  |x (=162.3)  |2 UDC-MRF-SK2 
080 |a 06.042  |2 UDC-MRF-SK2 
100 1 |a Doležal, Pavel  |4 aut  |9 460757 
245 1 0 |a Přineslo zásadní změny  |b Valné shromáždění Českého spolku na Slovensku  |c Pavel Doležal 
610 2 7 |a Český spolok na Slovensku  |2 kevkjb  |9 58823 
650 0 7 |a valné zhromaždenia  |2 kevkjb  |9 49799 
773 0 |t Česká beseda  |g Roč. XI., č. 6 (2005), s. 21  |x 1335-4353 
852 |a KEVKJB  |b KIS3GCP 
999 |c 3240513  |d 3242443